| 000 | 00539nam a2200181Ia 4500 | ||
|---|---|---|---|
| 999 |
_c23170 _d23170 |
||
| 003 | OSt | ||
| 005 | 20200323114325.0 | ||
| 008 | 190216s9999||||xx |||||||||||||| ||und|| | ||
| 020 | _a8174351442 | ||
| 040 | _coclc | ||
| 082 |
_a297.4 _bNIC/S |
||
| 100 |
_aNicholson, Reynold A _92157 |
||
| 245 | 0 |
_aStudies In Islamic Mysticism / _cReynold A Nicholson |
|
| 260 |
_bAdam Publishers&Distributors, _c2010. _aNew Delhi: |
||
| 300 | _a282p | ||
| 650 | _aIslamic History | ||
| 942 |
_cBK _2ddc _h297.4 _iNIC/S _k297.4 _mNIC/S |
||